000 00853nas a2200289 4500
001 BR2010000147
003 BR-BrBNA
005 20231205113815.0
007 ta
008 230509b bl.|||p| |||| 00| 00por d
040 _aBR-BrBNA
_bpor
_cBiblioteca Nacional de Agricultura
041 _a(Pt)
072 _aH20
100 1 _aSilva, A.M.F.
100 1 _aMariano, R. de L.R.
100 1 _aMichereff, S.J.
100 1 _aSilveira, E.B. da
100 1 _aMedeiros, F.H.V. de
245 1 _aLevantamento da intensidade da podridão-mole em alface e couve-chinesa em Pernambuco
650 _aALFACE
650 _aREPOLHO CHINES
650 _aPODRIDÃO MOLE
650 _aPERNAMBUCO
773 0 _tCaatinga (Brazil)
_xISSN 0100-316X
_g(2007), v. 20(2) p. 84-93
_wBR2010000147
909 _a202311
_bLúcia
_c55
_dLúcia Elande
942 _2AGRIS
_n0
_cANA
999 _c205720
_d205720